Lectures on Hilbert schemes of points on surfaces
Αποθηκεύτηκε σε:
| Κύριος συγγραφέας: | |
|---|---|
| Μορφή: | Βιβλίο |
| Γλώσσα: | English |
| Δημοσίευση: |
Providence, R.I. :
American Mathematical Society,
1999.
|
| Σειρά: | University lecture series ;
18 |
| Θέματα: | |
| Ετικέτες: |
Προσθήκη ετικέτας
Δεν υπάρχουν, Καταχωρήστε ετικέτα πρώτοι!
|
MARC
| LEADER | 00000cam a2200000 i 4500 | ||
|---|---|---|---|
| 001 | 1/68848 | ||
| 008 | 071219s1999 riu| ||| ||| ||eng|| | ||
| 020 | |a 0821819569 | ||
| 035 | |l 10093298 | ||
| 040 | |a GR-MyUa |b gre |e AACR2 | ||
| 041 | 0 | |a eng | |
| 082 | 7 | |a 516.35 |2 (22) | |
| 100 | 1 | |a Nakajima, Hiraku, |d 1962- | |
| 245 | 1 | 0 | |a Lectures on Hilbert schemes of points on surfaces / |c Hiraku Nakajima. |
| 260 | |a Providence, R.I. : |b American Mathematical Society, |c 1999. | ||
| 300 | |a xi, 132 σ. : |b εικ. ; |c 26 εκ. | ||
| 490 | 1 | |a (University lecture series ; |v 18) | |
| 504 | |a Περιέχει βιβλιογραφικές αναφορές (σ. 125-129). | ||
| 650 | 0 | |a Hilbert schemes. | |
| 650 | 0 | |a Surfaces, Algebraic. | |
| 830 | 0 | |a University lecture series ; |v 18 | |
| 852 | |a INST |b SAMOS |e 20071219 |h 516.35 NAK |p 005300027452 |q 005300027452 |t BK |y 0 | ||
| 901 | |a BIBL3-2007-3 | ||
| 922 | |a 3ΕΛΗ |b 200711 |c ΕΠΕΑΕΚ2/ΜΑΘ |d ΕΛΕΥΘΕΡΟΥΔΑΚΗΣ | ||
| 970 | |a ΓΟΥΒΑΛΑ |b ΒΑΣΩ |z 2007/12/19 | ||